| 000 | 00727nam a2200289Ia 4500 | ||
|---|---|---|---|
| 008 | 171120s9999 xx 000 0 und d | ||
| 020 | _a9.7881291181e+012 | ||
| 050 | _a423 | ||
| 050 | _bO138 2011 | ||
| 100 | _aO'Brien, Terry | ||
| 245 | _aLittle red book : | ||
| 245 | _beuphemisms / | ||
| 245 | _cby Terry O'Brien. | ||
| 260 | _aNew Delhi : | ||
| 260 | _bRupa Publications India Pvt. Ltd., | ||
| 260 | _c2011 | ||
| 300 | _a136 pages : | ||
| 300 | _billustrations ; | ||
| 300 | _c17cm. | ||
| 650 | _aEnglish language -- | ||
| 650 | _aEnglish language -- | ||
| 650 | _aEuphemisms -- | ||
| 650 | _xDictionaries. | ||
| 650 | _xEuphemism. | ||
| 650 | _xEuphemisms -- Dictionaries. | ||
| 700 | _aTitle. | ||
| 999 |
_c345086 _d345086 |
||